[Event "PRVA LIGA CENTRALNE SRBIJE 2014"]
[Site "Kraljevo"]
[Date "2014.09.21"]
[Round "11.1"]
[White "Manic, Jovica"]
[Black "Milanovic, Danilo"]
[Result "0-1"]
[WhiteElo "2254"]
[BlackElo "2481"]
[PlyCount "69"]
[EventDate "2014.09.13"]

1. Nf3 Nf6 2. d4 c5 3. c3 b6 4. Bg5 Bb7 5. Nbd2 d6 6. Bxf6 exf6 7. e3 a6 8. Bd3
Be7 9. O-O O-O 10. a4 g6 11. Qb1 f5 12. b4 Nd7 13. Rc1 Rb8 14. b5 a5 15. Qa2
Nf6 16. Bc4 d5 17. Bf1 c4 18. g3 Bd6 19. Nh4 Re8 20. Re1 Re6 21. Qc2 Qf8 22.
Ng2 Rbe8 23. Nf3 Ne4 24. Nf4 Rf6 25. h4 h6 26. Bh3 Bc7 27. Nd2 Rd6 28. Nxe4
fxe4 29. Qd1 g5 30. Nh5 f5 31. Kh1 Qf7 32. Bg2 Bc8 33. Ra2 Kh8 34. Rf1 Rg8 35.
f3 0-1

[Event "PRVA LIGA CENTRALNE SRBIJE 2014"]
[Site "Kraljevo"]
[Date "2014.09.21"]
[Round "11.2"]
[White "Arandjelovic, Aleksandar Z"]
[Black "Marjanovic, Slavoljub"]
[Result "0-1"]
[WhiteElo "2068"]
[BlackElo "2473"]
[PlyCount "80"]
[EventDate "2014.09.13"]

1. e4 c5 2. Nc3 a6 3. g3 b5 4. Bg2 Bb7 5. d3 e6 6. Be3 Nf6 7. Nh3 d6 8. O-O Qc7
9. Qd2 Be7 10. Rae1 Nbd7 11. Qc1 Nb6 12. f4 b4 13. Nd1 Rc8 14. Bf3 a5 15. b3
Bc6 16. Qd2 Qb7 17. Qg2 a4 18. g4 Nfd7 19. g5 d5 20. Ndf2 axb3 21. axb3 g6 22.
Ng4 h5 23. Nh6 Rf8 24. Bc1 dxe4 25. dxe4 c4 26. Bb2 Bc5+ 27. Kh1 c3 28. Bc1 Bd4
29. Rd1 Bc5 30. Rfe1 Rd8 31. Nf2 Be7 32. Nd3 Nc5 33. Nxc5 Bxc5 34. f5 Rxd1 35.
Rxd1 exf5 36. Re1 Kd8 37. Bf4 Re8 38. h4 fxe4 39. Rd1+ Kc8 40. Qg3 exf3 0-1

[Event "PRVA LIGA CENTRALNE SRBIJE 2014"]
[Site "Kraljevo"]
[Date "2014.09.21"]
[Round "11.2"]
[White "Maksimovic, Branimir"]
[Black "Djokic, Nebojsa"]
[Result "1-0"]
[WhiteElo "2384"]
[BlackElo "2180"]
[PlyCount "116"]
[EventDate "2014.09.13"]

1. d4 g6 2. e4 Bg7 3. Nc3 c5 4. d5 d6 5. Nf3 Nf6 6. Be2 O-O 7. O-O Bg4 8. Nd2
Bxe2 9. Qxe2 e5 10. dxe6 fxe6 11. e5 dxe5 12. Qxe5 Qe7 13. Nde4 Nxe4 14. Qxe4
Nc6 15. Ne2 Rf5 16. c3 Re5 17. Qc2 Rf8 18. Be3 Kh8 19. Rae1 b6 20. Ng3 Qh4 21.
Bc1 Qc4 22. b3 Qh4 23. Re4 Rxe4 24. Qxe4 Qxe4 25. Nxe4 Rd8 26. f3 Rd3 27. Kf2
Kg8 28. Ke2 Rd7 29. h4 Ne7 30. h5 Nd5 31. Bd2 Be5 32. Rh1 Rg7 33. hxg6 Rxg6 34.
g4 Nf4+ 35. Bxf4 Bxf4 36. Rd1 Rg7 37. Nf6+ Kf8 38. Nh5 Rf7 39. Rd8+ Ke7 40. Ra8
Bc7 41. Rxa7 Kd7 42. Ra8 Be5 43. Kd3 Kc6 44. c4 Rd7+ 45. Ke2 Rb7 46. f4 Bd4 47.
Kf3 b5 48. Ra6+ Rb6 49. cxb5+ Kxb5 50. Rxb6+ Kxb6 51. Ke4 Kb5 52. Kd3 Kb4 53.
f5 exf5 54. gxf5 Ka3 55. f6 Bxf6 56. Nxf6 Kxa2 57. Kc2 Ka3 58. Kc3 h6 1-0

[Event "PRVA LIGA CENTRALNE SRBIJE 2014"]
[Site "Kraljevo"]
[Date "2014.09.21"]
[Round "11.2"]
[White "Djukic, Slobodan D"]
[Black "Bojkovic, Slobodan"]
[Result "1/2-1/2"]
[WhiteElo "2195"]
[BlackElo "2216"]
[PlyCount "90"]
[EventDate "2014.09.13"]

1. e4 c5 2. Nf3 e6 3. d4 cxd4 4. Nxd4 a6 5. Be2 Qc7 6. O-O Nf6 7. Qd3 d6 8. c4
Nbd7 9. Qc2 b6 10. Nc3 Bb7 11. f4 Rc8 12. Be3 Be7 13. Rac1 O-O 14. Qb1 Rfe8 15.
g4 e5 16. Nd5 Qd8 17. Nf5 Nxd5 18. cxd5 Bf8 19. Rxc8 Bxc8 20. fxe5 Nxe5 21. g5
h6 22. Qc1 hxg5 23. Bxg5 f6 24. Be3 b5 25. Qc3 g6 26. Ng3 Bh3 27. Rf2 Bg7 28.
Bd4 Bc8 29. Bd1 Bd7 30. b3 Qc8 31. Rc2 Qxc3 32. Rxc3 Rc8 33. Rxc8+ Bxc8 34. Be2
Bd7 35. Bb6 Kf7 36. Be3 Ke7 37. h4 Ng4 38. Bf4 Bh6 39. Bxh6 Nxh6 40. b4 f5 41.
exf5 Nxf5 42. Nxf5+ Bxf5 43. Kf2 Kf6 44. Ke3 Ke5 45. Bf3 Bb1 1/2-1/2

[Event "PRVA LIGA CENTRALNE SRBIJE 2014"]
[Site "Kraljevo"]
[Date "2014.09.21"]
[Round "11.2"]
[White "Necevski, Aleksandar"]
[Black "Madjar, Stanislav"]
[Result "1-0"]
[WhiteElo "2270"]
[BlackElo "2162"]
[PlyCount "87"]
[EventDate "2014.09.13"]

1. d4 Nf6 2. Nf3 e6 3. e3 c5 4. Bd3 b6 5. O-O Bb7 6. b3 cxd4 7. exd4 Be7 8. Bb2
O-O 9. Nbd2 d6 10. c4 Nbd7 11. Qe2 Re8 12. Ng5 Bf8 13. f4 g6 14. h3 h6 15. Nge4
Nxe4 16. Nxe4 d5 17. Nf2 Bg7 18. Ng4 Rc8 19. Ne5 Rc7 20. Rac1 Qh4 21. Nxd7 Rxd7
22. c5 Rc8 23. b4 Rdc7 24. Kh2 Qf6 25. Rc2 h5 26. g4 hxg4 27. hxg4 g5 28. Kg3
bxc5 29. bxc5 gxf4+ 30. Rxf4 Qd8 31. Qh2 Bc6 32. Rcf2 Be8 33. Bc3 Qd7 34. Qh7+
Kf8 35. a3 Qa4 36. Bb4 a5 37. Bc2 Qb5 38. Bd2 Ra8 39. Bd3 Qa4 40. Be3 Raa7 41.
Bc2 Qxa3 42. R4f3 Qb4 43. Bg6 Re7 44. Bh6 1-0

[Event "PRVA LIGA CENTRALNE SRBIJE 2014"]
[Site "Kraljevo"]
[Date "2014.09.21"]
[Round "11.2"]
[White "Mickovic, Slavisa"]
[Black "Perunovic, Ljubivoje"]
[Result "1-0"]
[WhiteElo "2104"]
[BlackElo "1915"]
[PlyCount "51"]
[EventDate "2014.09.13"]

1. d4 g6 2. e4 c6 3. c4 d5 4. cxd5 cxd5 5. e5 Bg7 6. Nc3 Nc6 7. Be3 Nh6 8. Qb3
e6 9. Nf3 O-O 10. Bd3 Nf5 11. Bxf5 gxf5 12. O-O b6 13. Rfe1 Na5 14. Qc2 Ba6 15.
Bg5 Qd7 16. b3 Kh8 17. Qd2 Rg8 18. Qf4 Nc6 19. Qh4 f4 20. Qxf4 Bd3 21. Re3 Bg6
22. Bf6 Ne7 23. Ng5 Nf5 24. Rh3 Bxf6 25. exf6 Qd6 26. Rxh7+ 1-0

[Event "PRVA LIGA CENTRALNE SRBIJE 2014"]
[Site "Kraljevo"]
[Date "2014.09.21"]
[Round "11.4"]
[White "Zlatanovic, Boroljub"]
[Black "Parligras, Mircea-Emilian"]
[Result "0-1"]
[WhiteElo "2402"]
[BlackElo "2578"]
[PlyCount "60"]
[EventDate "2014.09.13"]

1. Nc3 c5 2. e4 Nc6 3. f4 g6 4. g3 Bg7 5. Bg2 d6 6. Nf3 e6 7. d3 Nge7 8. O-O
O-O 9. Be3 b6 10. d4 Ba6 11. Rf2 d5 12. Rd2 dxe4 13. dxc5 Bxc3 14. bxc3 Nd5 15.
Ne5 Qc7 16. cxb6 axb6 17. Rxd5 exd5 18. Qxd5 Nxe5 19. Qxe5 Qxe5 20. fxe5 Bb7
21. Bxb6 Rfc8 22. Bd4 Ra5 23. Bf1 Bd5 24. a3 Rca8 25. c4 Be6 26. Re1 Rxa3 27.
Rxe4 Ra2 28. c3 Ra1 29. Kf2 R8a2+ 30. Be2 Bxc4 0-1

[Event "PRVA LIGA CENTRALNE SRBIJE 2014"]
[Site "Kraljevo"]
[Date "2014.09.21"]
[Round "11.4"]
[White "Perunovic, Miodrag"]
[Black "Radovanovic, Nikola"]
[Result "1-0"]
[WhiteElo "2415"]
[BlackElo "2348"]
[PlyCount "75"]
[EventDate "2014.09.13"]

1. d4 Nf6 2. c4 g6 3. f3 Bg7 4. e4 d6 5. Ne2 O-O 6. Be3 a6 7. Na3 Nbd7 8. Qd2
c5 9. d5 Ne5 10. Nc3 Ne8 11. h3 f5 12. f4 Nf7 13. exf5 gxf5 14. Bd3 Nc7 15. O-O
Rb8 16. Rab1 e6 17. b4 cxb4 18. Rxb4 e5 19. fxe5 Nxe5 20. Be2 Qf6 21. Rb3 Ng6
22. c5 f4 23. Bf2 Ne5 24. Bg3 Qg6 25. Bxf4 Bxh3 26. Rf2 dxc5 27. d6 Rbd8 28.
Qe3 Rxf4 29. dxc7 Rdf8 30. Nd5 Rxf2 31. Ne7+ Kh8 32. Nxg6+ Nxg6 33. Qxh3 Nf4
34. Kxf2 Nxh3+ 35. Ke1 b5 36. Bg4 Re8+ 37. Kf1 Rf8+ 38. Rf3 1-0

[Event "PRVA LIGA CENTRALNE SRBIJE 2014"]
[Site "Kraljevo"]
[Date "2014.09.21"]
[Round "11.4"]
[White "Marcetic, Nikola"]
[Black "Radovic, Luka"]
[Result "0-1"]
[WhiteElo "2389"]
[BlackElo "2210"]
[PlyCount "108"]
[EventDate "2014.09.13"]

1. d4 Nf6 2. Bg5 c5 3. Bxf6 exf6 4. c3 d5 5. dxc5 Bxc5 6. e3 Nc6 7. Nd2 O-O 8.
Nb3 Be7 9. g3 Qb6 10. Qxd5 a6 11. Qd2 Rd8 12. Nd4 Bf5 13. Bg2 Ne5 14. Nge2 Nd3+
15. Kf1 Nxb2 16. e4 Nc4 17. Qd3 Be6 18. Nf4 Qb2 19. Rd1 Rac8 20. Nfxe6 fxe6 21.
Bh3 Ne5 22. Bxe6+ Kh8 23. Qe2 Qxe2+ 24. Kxe2 Rxc3 25. Bd5 b6 26. f4 Ng4 27. Nc6
Rd7 28. Rc1 Re3+ 29. Kd2 Bc5 30. Rhe1 Rf3 31. Rc3 Nxh2 32. Kc2 Rf2+ 33. Kb3 Nf1
34. Rc2 Rf3+ 35. Kb2 Nxg3 36. Nb8 Re7 37. f5 Nxf5 38. Nc6 Re8 39. Bf7 Rxe4 40.
Rd2 Rf2 41. Rxe4 Rxd2+ 42. Kc1 Nd6 43. Re7 Rd3 44. Nd8 Rc3+ 45. Kd1 Bb4 46. Be6
h5 47. Ke2 Kh7 48. Bd5 Rc5 49. Bf3 Kg6 50. Ne6 Re5+ 51. Kf1 Nf5 52. Nf4+ Kg5
53. Rxe5 fxe5 54. Nxh5 g6 0-1

[Event "PRVA LIGA CENTRALNE SRBIJE 2014"]
[Site "Kraljevo"]
[Date "2014.09.21"]
[Round "11.4"]
[White "Radovic, Janko"]
[Black "Radivojevic, Ivan"]
[Result "1/2-1/2"]
[WhiteElo "2125"]
[BlackElo "2365"]
[PlyCount "44"]
[EventDate "2014.09.13"]

1. e4 c6 2. d4 d5 3. exd5 cxd5 4. Bd3 Nc6 5. c3 Nf6 6. Bf4 Bg4 7. Qb3 Na5 8.
Qc2 a6 9. Nd2 e6 10. Ngf3 Bd6 11. Bxd6 Qxd6 12. Ne5 Nc6 13. O-O Rc8 14. Qb3
Nxe5 15. dxe5 Qxe5 16. Qxb7 O-O 17. Qxa6 Ra8 18. Qc6 Rfc8 19. Qb6 Rab8 20. Qa6
Ra8 21. Qb6 Rcb8 22. Qc6 Rc8 1/2-1/2

[Event "PRVA LIGA CENTRALNE SRBIJE 2014"]
[Site "Kraljevo"]
[Date "2014.09.21"]
[Round "11.4"]
[White "Zivkovic, Ivan B"]
[Black "Lazic, Dragoljub"]
[Result "1-0"]
[WhiteElo "2325"]
[BlackElo "2254"]
[PlyCount "53"]
[EventDate "2014.09.13"]

1. e4 c5 2. Nc3 d6 3. f4 Nc6 4. Nf3 e6 5. d4 cxd4 6. Nxd4 Nf6 7. Be3 Be7 8. Qf3
e5 9. Nxc6 bxc6 10. fxe5 dxe5 11. Bc4 Qa5 12. O-O Bc5 13. Kh1 Bxe3 14. Qxe3 O-O
15. Qg5 Be6 16. Rxf6 Bxc4 17. Rxc6 Rfc8 18. Rxc8+ Rxc8 19. Rd1 h6 20. Qd2 Kh7
21. a3 Be6 22. Qd6 Rc4 23. h3 Rd4 24. Rxd4 exd4 25. Qxd4 Qg5 26. Ne2 Bg4 27.
Ng1 1-0

[Event "PRVA LIGA CENTRALNE SRBIJE 2014"]
[Site "Kraljevo"]
[Date "2014.09.21"]
[Round "11.5"]
[White "Pancevski, Filip"]
[Black "Stojanovski, Dejan"]
[Result "1/2-1/2"]
[WhiteElo "2469"]
[BlackElo "2442"]
[PlyCount "21"]
[EventDate "2014.09.13"]

1. e4 c5 2. Nf3 Nc6 3. d4 cxd4 4. Nxd4 g6 5. c4 Nf6 6. Nc3 d6 7. Be3 Bg7 8. Be2
O-O 9. O-O Bd7 10. Qd2 Nxd4 11. Bxd4 1/2-1/2

[Event "PRVA LIGA CENTRALNE SRBIJE 2014"]
[Site "Kraljevo"]
[Date "2014.09.21"]
[Round "11.5"]
[White "Djukic, Zeljko"]
[Black "Dezelin, Milan"]
[Result "1/2-1/2"]
[WhiteElo "2367"]
[BlackElo "2261"]
[PlyCount "21"]
[EventDate "2014.09.13"]

1. d4 Nf6 2. c4 e6 3. Nc3 Bb4 4. Bg5 h6 5. Bh4 c5 6. d5 b5 7. dxe6 fxe6 8. e3
O-O 9. Nf3 bxc4 10. Bxc4 Nc6 11. O-O 1/2-1/2

[Event "PRVA LIGA CENTRALNE SRBIJE 2014"]
[Site "Kraljevo"]
[Date "2014.09.21"]
[Round "11.5"]
[White "Mladenovic, Stefan"]
[Black "Ilic, Zoran S"]
[Result "1/2-1/2"]
[WhiteElo "2336"]
[BlackElo "2289"]
[PlyCount "20"]
[EventDate "2014.09.13"]

1. d4 Nf6 2. Nf3 e6 3. c4 c5 4. d5 exd5 5. cxd5 d6 6. Nc3 g6 7. Bf4 a6 8. a4
Bg7 9. h3 Qe7 10. e3 O-O 1/2-1/2

[Event "PRVA LIGA CENTRALNE SRBIJE 2014"]
[Site "Kraljevo"]
[Date "2014.09.21"]
[Round "11.6"]
[White "Stankovic, Milos"]
[Black "Nenezic, Marko"]
[Result "1/2-1/2"]
[WhiteElo "2415"]
[BlackElo "2424"]
[PlyCount "22"]
[EventDate "2014.09.13"]

1. e4 c5 2. Nf3 Nc6 3. d4 cxd4 4. Nxd4 Nf6 5. Nc3 e5 6. Ndb5 d6 7. Bg5 a6 8.
Na3 b5 9. Bxf6 gxf6 10. Nd5 f5 11. g3 Bg7 1/2-1/2

[Event "PRVA LIGA CENTRALNE SRBIJE 2014"]
[Site "Kraljevo"]
[Date "2014.09.21"]
[Round "11.6"]
[White "Marinkovic, Ivan"]
[Black "Nestorovic, Dejan"]
[Result "1/2-1/2"]
[WhiteElo "2448"]
[BlackElo "2425"]
[PlyCount "29"]
[EventDate "2014.09.13"]

1. Nf3 c5 2. c4 b6 3. g3 Bb7 4. Bg2 Nf6 5. O-O e6 6. b3 Be7 7. Bb2 O-O 8. Nc3
d6 9. d4 cxd4 10. Qxd4 a6 11. Rfd1 Qc7 12. Rac1 Nbd7 13. Qd3 Rac8 14. Qb1 Qb8
15. Qa1 1/2-1/2

[Event "PRVA LIGA CENTRALNE SRBIJE 2014"]
[Site "Kraljevo"]
[Date "2014.09.21"]
[Round "11.6"]
[White "Markovic, Zoran S"]
[Black "Pavlovic, Dejan S"]
[Result "1/2-1/2"]
[WhiteElo "2358"]
[BlackElo "2407"]
[PlyCount "22"]
[EventDate "2014.09.13"]

1. e4 c5 2. Nf3 Nc6 3. d4 cxd4 4. Nxd4 Nf6 5. Nc3 e5 6. Ndb5 d6 7. Bg5 a6 8.
Na3 b5 9. Bxf6 gxf6 10. Nd5 Bg7 11. c3 f5 1/2-1/2

[Event "PRVA LIGA CENTRALNE SRBIJE 2014"]
[Site "Kraljevo"]
[Date "2014.09.21"]
[Round "11.6"]
[White "Djokic, Nenad"]
[Black "Milenkovic, Mladen"]
[Result "1/2-1/2"]
[WhiteElo "2329"]
[BlackElo "2329"]
[PlyCount "23"]
[EventDate "2014.09.13"]

1. d4 Nf6 2. Nf3 b6 3. g3 Bb7 4. c4 e6 5. Bg2 c5 6. d5 exd5 7. Nh4 Qc8 8. cxd5
d6 9. Nc3 Be7 10. O-O O-O 11. e4 Nbd7 12. Nf5 1/2-1/2